MARC

LEADER 00000nam0a2200000 4500
001 220110
005 20231031195328.0
020 |a RU  |b 90-4500 
035 |a (RuTPU)RU\TPU\book\240224 
090 |a 220110 
100 |a 20120814d1990 m y0rusy5003 ca 
101 0 |a rus 
102 |a RU 
105 |a a j 001zy 
200 1 |a Применение микропроцессоров в автоматизированных системах  |e учебное пособие для вузов  |f А. И. Меньков, В. В. Кангин  |g Московский авиационный институт (МАИ) 
210 |a Москва  |c Изд-во МАИ  |d 1990 
215 |a 40 с.  |c ил. 
320 |a Библиогр.: с. 36 (10 назв.). 
610 1 |a автоматизированные системы планирования и управления 
610 1 |a вычислительные системы 
610 1 |a микропроцессорные системы 
610 1 |a микропроцессоры 
610 1 |a применение 
610 1 |a технологические процессы 
610 1 |a автоматизация 
610 1 |a системы управления 
610 1 |a учебные пособия 
675 |a 658.5.011.56:681.3(075.8)  |z rus 
700 1 |a Меньков  |b А. И.  |g Анатолий Иванович  |4 070 
701 1 |a Кангин  |b В. В.  |g Владимир Венедиктович  |4 070 
712 0 2 |a Московский авиационный институт (МАИ)  |2 stltpush  |3 (RuTPU)RU\TPU\col\3642 
801 0 |a RU  |b RuMRKP  |c 19950417  |g psbo 
801 1 |a RU  |b 63413507  |c 20120814 
801 2 |a RU  |b 63413507  |c 20121120  |g RCR 
942 |c BK